[Event "CAN-op U2000"]
[Site "Victoria CAN"]
[Date "2012.07.13"]
[Round "9.43"]
[White "Doknjas, John"]
[Black "Gedajlovic, Max"]
[Result "1-0"]
[WhiteElo "1990"]
[BlackElo "1601"]
[PlyCount "93"]
[GameId "2160767909508358"]
[EventDate "2012.07.08"]
[EventType "swiss"]
[EventRounds "9"]
[EventCountry "CAN"]

1. d4 Nf6 2. c4 g6 3. Nc3 Bg7 4. e4 d6 5. f3 Nc6 6. Be3 a6 7. Qd2 Rb8 8. Nge2 b5 9. cxb5 axb5 10. d5 Ne5 11. Nd4 Bd7 12. Ncxb5 O-O 13. Rc1 Rc8 14. Be2 e6 15. Nc6 Bxc6 16. dxc6 d5 17. Bd4 Nxe4 18. fxe4 Qh4+ 19. g3 Qxe4 20. O-O Bh6 21. Qxh6 Qxe2 22. Rce1 Qxb5 23. Bxe5 Qc5+ 24. Kh1 f6 25. Rxf6 Rxf6 26. Bxf6 Qf8 27. Qxf8+ Kxf8 28. Bd4 Ke7 29. Be5 Ra8 30. Rc1 Ra7 31. a3 Ke8 32. Rc3 Kd8 33. b4 Ke8 34. Kg2 Kd8 35. Kf3 Ke7 36. Ke3 Kd8 37. Kd4 Ke7 38. Kc5 Kd8 39. h3 Ra4 40. Kb5 Ra7 41. a4 Ra8 42. a5 Ra7 43. a6 h5 44. Ka5 g5 45. b5 g4 46. hxg4 hxg4 47. b6 1-0

[Event "CAN-op U2000"]
[Site "Victoria CAN"]
[Date "2012.07.13"]
[Round "9.56"]
[White "Itkin, Victor"]
[Black "Sullivan, Brian"]
[Result "1-0"]
[WhiteElo "1729"]
[BlackElo "1668"]
[PlyCount "33"]
[GameId "2160767909508359"]
[EventDate "2012.07.08"]
[EventType "swiss"]
[EventRounds "9"]
[EventCountry "CAN"]

1. e4 e5 2. d4 exd4 3. Qxd4 Nc6 4. Qe3 b6 5. Nc3 Nge7 6. Bd2 Ng6 7. O-O-O a5 8. f4 Bc5 9. Qg3 O-O 10. h4 Bxg1 11. h5 Bf2 12. Qxf2 Nge7 13. Bc4 Ba6 14. f5 Ne5 15. f6 N7c6 16. Nd5 Ng4 17. Qe2 1-0

[Event "CYCC U08"]
[Site "Vancouver CAN"]
[Date "2012.07.03"]
[Round "1"]
[White "Butchart, Kevin"]
[Black "Low, Kevin"]
[Result "1-0"]
[WhiteElo "704"]
[BlackElo "917"]
[PlyCount "65"]
[GameId "2160767909508360"]
[EventDate "2012.07.03"]
[EventType "swiss"]
[EventRounds "7"]
[EventCountry "CAN"]
[SourceTitle "hb 2012"]

1. e4 c5 2. Nf3 e6 3. d4 cxd4 4. Nxd4 a6 5. Nc3 Qc7 6. Bd3 Nf6 7. Bd2 Bc5 8. Nf3 O-O 9. Qe2 d6 10. e5 Ne8 11. O-O Nc6 12. exd6 Nxd6 13. Rfe1 b5 14. Ne5 Bb7 15. Kh1 Rad8 16. f4 Ba8 17. Rad1 Qb7 18. Ne4 f5 19. Nxc5 Qe7 20. Nxc6 Bxc6 21. Nxe6 Rf6 22. Nxd8 Qxd8 23. Qe5 Rg6 24. Bf1 h6 25. Bb4 Qa8 26. Re2 Nc4 27. Qxf5 Rxg2 28. Bxg2 Bxg2+ 29. Rxg2 Ne3 30. Qg6 Nxg2 31. Qxg2 Qa7 32. Rg1 Kh7 33. Bf8 1-0

[Event "CYCC U08"]
[Site "Vancouver CAN"]
[Date "2012.07.03"]
[Round "1"]
[White "Doknjas, Neil"]
[Black "Wan, Justin"]
[Result "1-0"]
[WhiteElo "1090"]
[BlackElo "733"]
[PlyCount "43"]
[GameId "2160767909508361"]
[EventDate "2012.07.03"]
[EventType "swiss"]
[EventRounds "7"]
[EventCountry "CAN"]
[SourceTitle "hb 2012"]

1. e4 e5 2. Nf3 Nc6 3. d4 exd4 4. Nxd4 Nxd4 5. Qxd4 Nf6 6. e5 Nh5 7. g4 Qh4 8. Bc4 b6 9. Qd5 Bc5 10. Qxf7+ Kd8 11. gxh5 Qxf2+ 12. Qxf2 Bxf2+ 13. Kxf2 Rf8+ 14. Ke2 Re8 15. Bg5+ Re7 16. Rf1 Ke8 17. Bxe7 Kxe7 18. Rf7+ Ke8 19. Nc3 d5 20. Bxd5 Bg4+ 21. Kd2 Bxh5 22. Rxg7 1-0

[Event "CYCC U08"]
[Site "Vancouver CAN"]
[Date "2012.07.03"]
[Round "1"]
[White "Du, Daniel"]
[Black "Li, Jack"]
[Result "1-0"]
[WhiteElo "834"]
[BlackElo "698"]
[PlyCount "47"]
[GameId "2160767909508362"]
[EventDate "2012.07.03"]
[EventType "swiss"]
[EventRounds "7"]
[EventCountry "CAN"]
[SourceTitle "hb 2012"]

1. e4 e5 2. Nf3 Nc6 3. Nc3 Bc5 4. Bc4 Nf6 5. d3 h6 6. O-O O-O 7. Re1 d6 8. Be3 Bb6 9. Qd2 Bg4 10. Nh4 Bxe3 11. Qxe3 g5 12. Nf5 Qd7 13. Nxh6+ Kg7 14. Qxg5+ Kh7 15. Qxf6 Nd4 16. Rac1 c6 17. Re3 b5 18. Rg3 bxc4 19. Rxg4 Ne6 20. Re1 cxd3 21. cxd3 Rab8 22. b3 d5 23. Nf5 dxe4 24. Qh6# 1-0

[Event "CYCC U08"]
[Site "Vancouver CAN"]
[Date "2012.07.03"]
[Round "1"]
[White "Huang, Patrick"]
[Black "Washimkar, Arhant"]
[Result "0-1"]
[WhiteElo "790"]
[BlackElo "1145"]
[PlyCount "42"]
[GameId "2160767909508363"]
[EventDate "2012.07.03"]
[EventType "swiss"]
[EventRounds "7"]
[EventCountry "CAN"]
[SourceTitle "hb 2012"]

1. e4 e5 2. Nf3 Nc6 3. Bc4 Bc5 4. O-O Nf6 5. Nc3 d6 6. d3 Bg4 7. Bg5 h6 8. Bh4 g5 9. Bg3 Nd4 10. Nd5 Nxd5 11. Bxd5 Qf6 12. Bxb7 Rb8 13. Bd5 Nxf3+ 14. gxf3 Qxf3 15. Qxf3 Bxf3 16. b3 h5 17. Bc6+ Kd8 18. h3 g4 19. Kh2 h4 20. Rfc1 hxg3+ 21. fxg3 Rxh3# 0-1

[Event "CYCC U08"]
[Site "Vancouver CAN"]
[Date "2012.07.03"]
[Round "1"]
[White "Jiang, David"]
[Black "Allard, Max"]
[Result "1-0"]
[WhiteElo "486"]
[BlackElo "801"]
[PlyCount "65"]
[GameId "2160767909508364"]
[EventDate "2012.07.03"]
[EventType "swiss"]
[EventRounds "7"]
[EventCountry "CAN"]
[SourceTitle "EXT 2022"]
[Source "ChessBase"]
[SourceDate "2021.10.06"]
[SourceVersion "1"]
[SourceVersionDate "2021.10.06"]
[SourceQuality "1"]

1. f4 c5 2. e3 d6 3. Nc3 g6 4. Nf3 Nf6 5. Bc4 Bg4 6. O-O Bg7 7. h3 Bf5 8. Ng5 e6 9. e4 Bxh3 10. Nxh3 d5 11. exd5 exd5 12. Re1+ Kf8 13. Bf1 Qd7 14. Re2 d4 15. Nb1 Nc6 16. Na3 Rd8 17. Ng5 Rc8 18. g3 Qf5 19. Bh3 Qd5 20. c4 dxc3 21. bxc3 h6 22. c4 Qd6 23. Nb5 Qd8 24. Bxc8 Qxc8 25. Nh3 Qxh3 26. Kf2 Ng4+ 27. Kf3 Bxa1 28. Nd6 Nd4+ 29. Ke4 Nxe2 30. Qxe2 Qh1+ 31. Kd3 Qxc1 32. Qe8+ Kg7 33. Qxf7# 1-0

[Event "CYCC U08"]
[Site "Vancouver CAN"]
[Date "2012.07.03"]
[Round "1"]
[White "Mirabelli, Aidan"]
[Black "Pan, Nicholas"]
[Result "1-0"]
[WhiteElo "932"]
[BlackElo "709"]
[PlyCount "63"]
[GameId "2160767909508365"]
[EventDate "2012.07.03"]
[EventType "swiss"]
[EventRounds "7"]
[EventCountry "CAN"]
[SourceTitle "hb 2012"]

1. e4 e5 2. Nf3 Nc6 3. Nc3 d6 4. d4 Bg4 5. Be2 Bxf3 6. Bxf3 f6 7. Be3 exd4 8. Bxd4 Nxd4 9. Qxd4 Be7 10. O-O-O c5 11. Qa4+ Kf8 12. e5 fxe5 13. Bxb7 Bg5+ 14. Kb1 Rb8 15. Qxa7 Qe7 16. Nd5 Qxb7 17. Qa3 Ra8 18. Qf3+ Ke8 19. Nf6+ gxf6 20. Qxb7 Rd8 21. Qc7 f5 22. Rxd6 Rxd6 23. Qxd6 Be7 24. Qxe5 Nh6 25. Qxh8+ Ng8 26. Qxh7 Nf6 27. Qxf5 Kf7 28. Re1 Bd6 29. Qe6+ Kg7 30. Qxd6 Ng4 31. Re7+ Kf8 32. Qd8# 1-0

[Event "CYCC U08"]
[Site "Vancouver CAN"]
[Date "2012.07.03"]
[Round "1"]
[White "Pulfer, Ben"]
[Black "Jin, Eric"]
[Result "0-1"]
[WhiteElo "580"]
[BlackElo "855"]
[PlyCount "72"]
[GameId "2160767909508366"]
[EventDate "2012.07.03"]
[EventType "swiss"]
[EventRounds "7"]
[EventCountry "CAN"]
[SourceTitle "hb 2012"]

1. e4 e5 2. Nf3 Nc6 3. Nc3 Nf6 4. Bc4 Bc5 5. O-O d6 6. d3 Bg4 7. Bg5 h6 8. Bxf6 Qxf6 9. h3 Bxf3 10. Qxf3 Nd4 11. Qh5 Qe7 12. Nb5 Nxc2 13. Rac1 Nb4 14. Rfd1 a6 15. Na3 c6 16. b3 Nxa2 17. Qg4 Bxa3 18. Ra1 b5 19. Rxa2 Bc5 20. Qxg7 Kd7 21. Bxf7 Raf8 22. Re1 Qxf7 23. Qg4+ Kd8 24. Rxa6 Qxb3 25. Ra8+ Ke7 26. Ra7+ Bxa7 27. Ra1 Kd8 28. Rxa7 Qb1+ 29. Kh2 Qxd3 30. Qe6 Rh7 31. Qf5 Rxa7 32. f3 b4 33. Qg4 b3 34. Qg3 b2 35. Qe1 Rb7 36. Qa5+ Kd7 0-1

[Event "CYCC U08"]
[Site "Vancouver CAN"]
[Date "2012.07.03"]
[Round "1"]
[White "Qu, Leo"]
[Black "Vettese, Nicholas"]
[Result "1-0"]
[WhiteElo "833"]
[BlackElo "821"]
[PlyCount "39"]
[GameId "2160767909508367"]
[EventDate "2012.07.03"]
[EventType "swiss"]
[EventRounds "7"]
[EventCountry "CAN"]
[SourceTitle "hb 2012"]

1. c4 e5 2. Nc3 Nc6 3. g3 Nf6 4. Bg2 Bc5 5. d3 Ng4 6. e3 d6 7. Nge2 Qf6 8. O-O Qd8 9. b3 O-O 10. Bb2 Nb4 11. a3 Nc6 12. d4 exd4 13. exd4 Bb6 14. a4 a6 15. a5 Bxa5 16. d5 Bxc3 17. Nxc3 Ne7 18. Qd4 c6 19. Nb5 cxb5 20. Qxg7# 1-0

[Event "CYCC U08"]
[Site "Vancouver CAN"]
[Date "2012.07.03"]
[Round "1"]
[White "Wang, Jackie"]
[Black "Wu, James"]
[Result "0-1"]
[WhiteElo "718"]
[BlackElo "626"]
[PlyCount "72"]
[GameId "2160767909508368"]
[EventDate "2012.07.03"]
[EventType "swiss"]
[EventRounds "7"]
[EventCountry "CAN"]
[SourceTitle "hb 2012"]

1. e4 e5 2. Nf3 Nc6 3. Bc4 Bc5 4. O-O d6 5. d3 Bg4 6. Qe1 Nf6 7. Ng5 O-O 8. Nh3 Bxh3 9. gxh3 Nd4 10. Bg5 Nf3+ 11. Kh1 Nxe1 12. Rxe1 h6 13. Bxf6 Qxf6 14. Nc3 Bb4 15. a3 Bxc3 16. bxc3 Qxf2 17. Rf1 Qxc2 18. Rfc1 Qb2 19. Rcb1 Qxc3 20. Rd1 Qd4 21. Rab1 Rae8 22. Rf1 Re6 23. Bxe6 fxe6 24. Rxb7 Qxd3 25. Rfb1 Qc2 26. Rb8 Rxb8 27. Rxb8+ Kh7 28. Rb1 Qxe4+ 29. Kg1 Qxb1+ 30. Kg2 Qe4+ 31. Kg1 Qe2 32. Kh1 Kg6 33. h4 Kf5 34. Kg1 Kf4 35. Kh1 Kf3 36. h3 Qg2# 0-1

[Event "CYCC U08"]
[Site "Vancouver CAN"]
[Date "2012.07.03"]
[Round "1"]
[White "Zhao, Ian"]
[Black "Liang, Albert"]
[Result "1-0"]
[WhiteElo "971"]
[BlackElo "764"]
[PlyCount "45"]
[GameId "2160767909508369"]
[EventDate "2012.07.03"]
[EventType "swiss"]
[EventRounds "7"]
[EventCountry "CAN"]
[SourceTitle "hb 2012"]

1. e4 e5 2. Nf3 Nc6 3. d4 exd4 4. Nxd4 Nf6 5. Nxc6 bxc6 6. e5 Ne4 7. Bd3 d5 8. Bxe4 Be6 9. Bf3 Bc5 10. Nc3 O-O 11. O-O Qh4 12. Qd2 Be7 13. Qf4 Bg5 14. Qxg5 Qxg5 15. Bxg5 d4 16. Ne2 Rab8 17. b3 Bc8 18. Nxd4 Ba6 19. Rfe1 Rbd8 20. Bxd8 Rxd8 21. Nxc6 Rd2 22. Rad1 Rxc2 23. Rd8# 1-0

[Event "CYCC U08"]
[Site "Vancouver CAN"]
[Date "2012.07.03"]
[Round "1"]
[White "Zheng, Victor"]
[Black "Mann, Kabir"]
[Result "1-0"]
[WhiteElo "846"]
[BlackElo "353"]
[PlyCount "63"]
[GameId "2160767909508370"]
[EventDate "2012.07.03"]
[EventType "swiss"]
[EventRounds "7"]
[EventCountry "CAN"]
[SourceTitle "hb 2012"]

1. e4 d6 2. d4 e6 3. Nf3 Nc6 4. Nc3 Nf6 5. Bg5 d5 6. e5 Bb4 7. exf6 gxf6 8. Bd2 Bxc3 9. Bxc3 O-O 10. Bd3 f5 11. Qd2 h5 12. O-O-O Ne7 13. Qg5+ Ng6 14. Qxh5 Qd6 15. Ng5 Kg7 16. Qh7+ Kf6 17. Qh6 Qd7 18. Nf3 Qa4 19. a3 Rd8 20. Ne5 Rd6 21. Nxg6 Rb6 22. Nf4+ Ke7 23. Bb4+ Kd8 24. Qf6+ Kd7 25. Qxf7+ Kc6 26. Qe8+ Bd7 27. Qxa8 e5 28. dxe5 d4 29. Qf8 Be6 30. Qe8+ Bd7 31. Qg6+ Be6 32. Qxe6# 1-0

[Event "CYCC U08"]
[Site "Vancouver CAN"]
[Date "2012.07.03"]
[Round "1"]
[White "Zhou, Aiden"]
[Black "James, Rowan"]
[Result "1-0"]
[WhiteElo "768"]
[BlackElo "1052"]
[PlyCount "21"]
[GameId "2160767909508371"]
[EventDate "2012.07.03"]
[EventType "swiss"]
[EventRounds "7"]
[EventCountry "CAN"]
[SourceTitle "hb 2012"]

1. e4 e5 2. Nf3 Nc6 3. Bb5 Bc5 4. c3 Nge7 5. d4 a6 6. Bxc6 exd4 7. Ba4 b5 8. Bc2 dxc3 9. Nxc3 Bb7 10. O-O O-O 11. Bg5 1-0

[Event "CYCC U08"]
[Site "Vancouver CAN"]
[Date "2012.07.03"]
[Round "2"]
[White "Allard, Max"]
[Black "Pan, Nicholas"]
[Result "1-0"]
[WhiteElo "801"]
[BlackElo "709"]
[PlyCount "71"]
[GameId "2160767909508372"]
[EventDate "2012.07.03"]
[EventType "swiss"]
[EventRounds "7"]
[EventCountry "CAN"]
[SourceTitle "EXT 2022"]
[Source "ChessBase"]
[SourceDate "2021.10.06"]
[SourceVersion "1"]
[SourceVersionDate "2021.10.06"]
[SourceQuality "1"]

1. e4 e5 2. Nf3 Nc6 3. Nc3 Nf6 4. Bb5 Bb4 5. d3 Bxc3+ 6. bxc3 O-O 7. Bg5 d6 8. Bxc6 bxc6 9. O-O Bg4 10. d4 Bxf3 11. Qxf3 exd4 12. cxd4 Rb8 13. e5 h6 14. exf6 hxg5 15. fxg7 Kxg7 16. Qxc6 Rh8 17. h3 Rc8 18. Qc3 Qg8 19. d5+ Kf8 20. Rfe1 Qh7 21. Re3 g4 22. Rb1 gxh3 23. Rxh3 Qg7 24. Rxh8+ Qg8 25. Rxg8+ Kxg8 26. Qg3+ Kh8 27. Qh3+ Kg8 28. Qxc8+ Kg7 29. Qxc7 a5 30. Qxd6 f6 31. Qe7+ Kg6 32. Re1 f5 33. Re6+ Kh5 34. Qf7+ Kh4 35. Qxf5 a4 36. Rh6# 1-0

[Event "CYCC U08"]
[Site "Vancouver CAN"]
[Date "2012.07.03"]
[Round "2"]
[White "Butchart, Kevin"]
[Black "Mirabelli, Aidan"]
[Result "1-0"]
[WhiteElo "704"]
[BlackElo "932"]
[PlyCount "49"]
[GameId "2160767909508373"]
[EventDate "2012.07.03"]
[EventType "swiss"]
[EventRounds "7"]
[EventCountry "CAN"]
[SourceTitle "hb 2012"]

1. e4 e5 2. Nf3 Nc6 3. Bb5 Nf6 4. O-O Bb4 5. Nc3 d5 6. Nxe5 dxe4 7. Nxc6 bxc6 8. Bxc6+ Bd7 9. Bxa8 Qxa8 10. d4 exd3 11. Qxd3 O-O 12. Bg5 Rd8 13. Bxf6 gxf6 14. Qc4 Qb7 15. Rad1 c6 16. Rfe1 Kg7 17. a3 Ba5 18. Re7 Bxc3 19. Qxf7+ Kh6 20. Qxh7+ Kg5 21. bxc3 Qb8 22. Rexd7 Rh8 23. Qg7+ Kf5 24. g4+ Ke5 25. Re1+ 1-0

[Event "CYCC U08"]
[Site "Vancouver CAN"]
[Date "2012.07.03"]
[Round "2"]
[White "James, Rowan"]
[Black "Zhang, Arthur"]
[Result "1-0"]
[WhiteElo "1052"]
[BlackElo "338"]
[PlyCount "99"]
[GameId "2160767909508374"]
[EventDate "2012.07.03"]
[EventType "swiss"]
[EventRounds "7"]
[EventCountry "CAN"]
[SourceTitle "hb 2012"]

1. e4 e5 2. Nf3 Nc6 3. Bc4 Bc5 4. c3 Nf6 5. d3 d6 6. Be3 Bxe3 7. fxe3 O-O 8. O-O Bg4 9. Nbd2 Qe7 10. Qb3 Rfe8 11. Ng5 Rf8 12. Ndf3 Na5 13. Qb4 Nxc4 14. Qxc4 a6 15. Nh4 b5 16. Qb3 Rab8 17. Nf5 Bxf5 18. Rxf5 a5 19. a4 bxa4 20. Qc4 Rxb2 21. Qxa4 Rfb8 22. Rff1 R2b5 23. Qa2 Ra8 24. Qf2 d5 25. Qh4 dxe4 26. Rxf6 Qxf6 27. Qxh7+ Kf8 28. Qh8+ Ke7 29. Qxa8 Qxg5 30. Qxe4 Rb2 31. Rf1 Rb3 32. Qf3 Qf6 33. Qd5 Qd6 34. Qxb3 Qb6 35. Qxf7+ Kd6 36. Qf8+ Kd5 37. c4+ Kc6 38. Qf3+ Kc5 39. Qd5+ Kb4 40. Rb1+ Ka3 41. Rxb6 cxb6 42. c5 bxc5 43. Qxc5+ Ka4 44. d4 exd4 45. exd4 g6 46. d5 g5 47. d6 g4 48. d7 g3 49. d8=Q gxh2+ 50. Kxh2 1-0

[Event "CYCC U08"]
[Site "Vancouver CAN"]
[Date "2012.07.03"]
[Round "2"]
[White "Jiang, David"]
[Black "Du, Daniel"]
[Result "0-1"]
[WhiteElo "486"]
[BlackElo "834"]
[PlyCount "104"]
[GameId "2160767909508375"]
[EventDate "2012.07.03"]
[EventType "swiss"]
[EventRounds "7"]
[EventCountry "CAN"]
[SourceTitle "hb 2012"]

1. e4 e5 2. Bc4 Nf6 3. Nc3 Bc5 4. Nf3 Nc6 5. d3 d6 6. Ng5 O-O 7. O-O Bg4 8. Nf3 Qd7 9. Bg5 Nh5 10. Nd5 h6 11. Bh4 Nd4 12. Ne7+ Kh8 13. Nd5 c6 14. Ne3 Bxf3 15. gxf3 Nf4 16. Bg3 b5 17. Bb3 Nde2+ 18. Kh1 a5 19. c3 a4 20. Bc2 Rfe8 21. Nf5 Re6 22. d4 exd4 23. cxd4 Nxg3+ 24. fxg3 Bxd4 25. Nxd4 Rf6 26. gxf4 Rxf4 27. Qd2 g5 28. Ne2 Rh4 29. Rf2 Qa7 30. Qc3+ Kg8 31. Nd4 d5 32. Re2 Qa6 33. Nxc6 b4 34. Nxb4 Qxe2 35. Kg1 Qxh2+ 36. Kf1 Qh1+ 37. Ke2 Qxa1 38. a3 Rh2+ 39. Kd3 dxe4+ 40. fxe4 Rh3+ 41. Kd4 Rxc3 42. Kxc3 Qe1+ 43. Kc4 Qe2+ 44. Kc3 Rc8+ 45. Kd4 Qd2+ 46. Ke5 Re8+ 47. Kf5 Qf2+ 48. Kg4 Qf4+ 49. Kh3 Rd8 50. Bxa4 Qh4+ 51. Kg2 Rd2+ 52. Kf3 Qf4# 0-1

[Event "CYCC U08"]
[Site "Vancouver CAN"]
[Date "2012.07.03"]
[Round "2"]
[White "Jin, Eric"]
[Black "Doknjas, Neil"]
[Result "0-1"]
[WhiteElo "855"]
[BlackElo "1090"]
[PlyCount "76"]
[GameId "2160767909508376"]
[EventDate "2012.07.03"]
[EventType "swiss"]
[EventRounds "7"]
[EventCountry "CAN"]
[SourceTitle "hb 2012"]

1. e4 e5 2. Nf3 Nf6 3. Nxe5 d6 4. Nf3 Nxe4 5. Qe2 Qe7 6. Nc3 Nxc3 7. Qxe7+ Bxe7 8. dxc3 O-O 9. Bf4 Re8 10. Bg5 Bxg5+ 11. Be2 Bf6 12. a4 Bf5 13. Rc1 Nc6 14. c4 Bxb2 15. Rb1 Bc3+ 16. Kd1 Nb4 17. Rc1 Bb2 18. Rb1 Bxc2+ 19. Kd2 Bxb1 20. Rxb1 Bf6 21. Rxb4 b6 22. g4 Re4 23. g5 Bd4 24. c5 dxc5 25. Bd3 Bc3+ 26. Kxc3 Rxb4 27. Ne5 Rxa4 28. Kb3 Rb4+ 29. Kc3 a5 30. f3 a4 31. h3 a3 32. Bc4 Rxc4+ 33. Kxc4 a2 34. f4 a1=Q 35. h4 Qd4+ 36. Kb3 Qb4+ 37. Kc2 Ra2+ 38. Kd3 Qd4# 0-1

[Event "CYCC U08"]
[Site "Vancouver CAN"]
[Date "2012.07.03"]
[Round "2"]
[White "Li, Jack"]
[Black "Huang, Patrick"]
[Result "0-1"]
[WhiteElo "698"]
[BlackElo "790"]
[PlyCount "50"]
[GameId "2160767909508377"]
[EventDate "2012.07.03"]
[EventType "swiss"]
[EventRounds "7"]
[EventCountry "CAN"]
[SourceTitle "hb 2012"]

1. e4 c5 2. Nf3 Nc6 3. Bc4 d6 4. h3 e6 5. O-O Be7 6. Nc3 Nf6 7. d4 cxd4 8. Nxd4 d5 9. exd5 exd5 10. Nxc6 bxc6 11. Bb3 Qc7 12. Be3 Bd6 13. g3 Bxh3 14. Re1 O-O 15. f4 Ng4 16. Qd2 Rae8 17. Rad1 Nxe3 18. Rxe3 Bc5 19. Rde1 Bxe3+ 20. Rxe3 Qb6 21. Kf2 Rxe3 22. Qxe3 d4 23. Qe2 dxc3+ 24. Ke1 Qg1+ 25. Qf1 Qxf1# 0-1

[Event "CYCC U08"]
[Site "Vancouver CAN"]
[Date "2012.07.03"]
[Round "2"]
[White "Liang, Albert"]
[Black "Vettese, Nicholas"]
[Result "0-1"]
[WhiteElo "764"]
[BlackElo "821"]
[PlyCount "63"]
[GameId "2160767909508378"]
[EventDate "2012.07.03"]
[EventType "swiss"]
[EventRounds "7"]
[EventCountry "CAN"]
[SourceTitle "hb 2012"]

1. d4 Nc6 2. Nf3 d5 3. e3 Nf6 4. Bd3 e6 5. Ng5 h6 6. Qf3 hxg5 7. e4 dxe4 8. Bxe4 Nxe4 9. Qxe4 Nxd4 10. Be3 f5 11. Qd3 Nc6 12. Qb5 a6 13. Qc4 Nb4 14. Nd2 b5 15. Qc3 Bb7 16. O-O-O Nxa2+ 17. Kb1 Nxc3+ 18. bxc3 Bxg2 19. Rhg1 Bd5 20. Nf3 Qe7 21. Ne5 Qf6 22. Nf3 Bxf3 23. Bd4 Qe7 24. Rd3 Be4 25. Re3 Rxh2 26. f3 Bxf3 27. Rxf3 Qd6 28. Rgg3 g4 29. Re3 f4 30. Be5 Qd1+ 31. Kb2 fxe3 32. Rxe3 0-1

[Event "CYCC U08"]
[Site "Vancouver CAN"]
[Date "2012.07.03"]
[Round "2"]
[White "Low, Kevin"]
[Black "Wang, Jackie"]
[Result "1-0"]
[WhiteElo "917"]
[BlackElo "718"]
[PlyCount "85"]
[GameId "2160767909508379"]
[EventDate "2012.07.03"]
[EventType "swiss"]
[EventRounds "7"]
[EventCountry "CAN"]
[SourceTitle "hb 2012"]

1. d4 d5 2. Nf3 Nf6 3. e3 g6 4. Nc3 Nc6 5. Bd3 Bg7 6. e4 dxe4 7. Bxe4 O-O 8. O-O Bg4 9. Bf4 Nxd4 10. Qxd4 Qxd4 11. Nxd4 Nxe4 12. Nxe4 e5 13. Bxe5 Bxe5 14. Nb3 Bxb2 15. Rab1 Bg7 16. Nbc5 Bf5 17. Rxb7 Bxe4 18. Nxe4 Rfe8 19. f3 Reb8 20. Rxc7 Rb2 21. Ra1 Rxc2 22. Rxc2 Bxa1 23. Kf2 Bd4+ 24. Ke2 Rb8 25. h3 f5 26. Nd6 Be5 27. Rc8+ Rxc8 28. Nxc8 h5 29. Nxa7 g5 30. Nc6 g4 31. Nxe5 gxh3 32. gxh3 Kg7 33. a4 Kf6 34. Nc6 Kg5 35. a5 Kf4 36. a6 Kg5 37. a7 f4 38. a8=Q h4 39. Qf8 Kh5 40. Qxf4 Kg6 41. Ne5+ Kh7 42. Qf7+ Kh8 43. Ng6# 1-0

[Event "CYCC U08"]
[Site "Vancouver CAN"]
[Date "2012.07.03"]
[Round "2"]
[White "Qu, Leo"]
[Black "Zhao, Ian"]
[Result "0-1"]
[WhiteElo "833"]
[BlackElo "971"]
[PlyCount "106"]
[GameId "2160767909508380"]
[EventDate "2012.07.03"]
[EventType "swiss"]
[EventRounds "7"]
[EventCountry "CAN"]
[SourceTitle "hb 2012"]

1. c4 e5 2. Nc3 Nf6 3. g3 g6 4. Bg2 Bg7 5. e3 O-O 6. Nge2 d6 7. O-O Nc6 8. b3 h6 9. Bb2 Kh7 10. Nd5 Nxd5 11. Bxd5 Be6 12. Bg2 Qd7 13. Re1 Bh3 14. Bh1 f5 15. f4 Nb4 16. Nc1 Bg4 17. Bf3 Bxf3 18. Qxf3 Nc2 19. Rf1 Nxa1 20. Bxa1 e4 21. Qg2 Bxa1 22. Nd3 exd3 23. Rxa1 Qc6 24. Qh3 Qf3 25. a4 Qe2 26. Ra2 Rae8 27. Qg2 Qxg2+ 28. Kxg2 Re4 29. Kf3 Rd8 30. g4 d5 31. cxd5 Rxd5 32. Ra1 c6 33. h4 Rb4 34. Rb1 Ra5 35. gxf5 gxf5 36. h5 Raxa4 37. bxa4 Rxb1 38. e4 fxe4+ 39. Kxe4 Rb4+ 40. Ke5 Rxa4 41. f5 Kg7 42. f6+ Kf7 43. Kd6 Ra2 44. Ke5 Rxd2 45. Ke4 a5 46. Ke3 Rd1 47. Kd4 b5 48. Kc3 a4 49. Kb2 b4 50. Ka2 Re1 51. Kb2 d2 52. Ka2 d1=Q 53. Kb2 Qb3# 0-1

[Event "CYCC U08"]
[Site "Vancouver CAN"]
[Date "2012.07.03"]
[Round "2"]
[White "Wan, Justin"]
[Black "Pulfer, Ben"]
[Result "1-0"]
[WhiteElo "733"]
[BlackElo "580"]
[PlyCount "55"]
[GameId "2160767909508381"]
[EventDate "2012.07.03"]
[EventType "swiss"]
[EventRounds "7"]
[EventCountry "CAN"]
[SourceTitle "hb 2012"]

1. f4 d5 2. Nf3 f5 3. d4 Nc6 4. Nc3 e6 5. e3 Bb4 6. Bb5 Bxc3+ 7. bxc3 a6 8. Ba4 b5 9. Bb3 a5 10. a4 bxa4 11. Bxa4 Bd7 12. Ne5 Nxe5 13. fxe5 Bxa4 14. Rxa4 Qd7 15. Ra3 Qe7 16. Qf3 a4 17. O-O Nh6 18. Qh5+ g6 19. Qh3 Ng4 20. Kh1 Qd7 21. Qh4 Qb5 22. Re1 Qb1 23. h3 Nxe3 24. Bxe3 Qxc2 25. Qf6 Rf8 26. Qxe6+ Kd8 27. Bg5+ Rf6 28. Bxf6# 1-0

[Event "CYCC U08"]
[Site "Vancouver CAN"]
[Date "2012.07.03"]
[Round "2"]
[White "Washimkar, Arhant"]
[Black "Zheng, Victor"]
[Result "1-0"]
[WhiteElo "1145"]
[BlackElo "846"]
[PlyCount "27"]
[GameId "2160767909508382"]
[EventDate "2012.07.03"]
[EventType "swiss"]
[EventRounds "7"]
[EventCountry "CAN"]
[SourceTitle "hb 2012"]

1. e4 e5 2. Nf3 Nc6 3. Bc4 Bc5 4. Nc3 Nf6 5. d3 O-O 6. Bg5 d6 7. h3 h6 8. Bh4 Re8 9. Nd5 Bd4 10. Qd2 Be6 11. Nxf6+ gxf6 12. Qxh6 Ne7 13. Bxf6 Ng6 14. Qg7# 1-0

[Event "CYCC U08"]
[Site "Vancouver CAN"]
[Date "2012.07.03"]
[Round "2"]
[White "Wu, James"]
[Black "Zhou, Aiden"]
[Result "0-1"]
[WhiteElo "953"]
[BlackElo "768"]
[PlyCount "74"]
[GameId "2160767909508383"]
[EventDate "2012.07.03"]
[EventType "swiss"]
[EventRounds "7"]
[EventCountry "CAN"]
[SourceTitle "EXT 2022"]
[Source "ChessBase"]
[SourceDate "2021.10.06"]
[SourceVersion "1"]
[SourceVersionDate "2021.10.06"]
[SourceQuality "1"]

1. e4 c5 2. Nc3 Nc6 3. Nf3 e6 4. d3 d5 5. exd5 exd5 6. Bg5 Be7 7. Bxe7 Ngxe7 8. Be2 c4 9. d4 O-O 10. O-O Bf5 11. b3 cxb3 12. axb3 h6 13. h3 Qc7 14. Bb5 a6 15. Bxc6 Qxc6 16. Qe1 Rfe8 17. Qe3 Bxc2 18. Rac1 Ng6 19. Qd2 Bxb3 20. Rb1 Bc4 21. Rfe1 Rxe1+ 22. Qxe1 Re8 23. Qd2 b5 24. Na2 Re2 25. Qa5 Rxa2 26. Qd8+ Kh7 27. Re1 Qf6 28. Qxf6 gxf6 29. Re7 Nxe7 30. Kh2 Be2 31. Nh4 b4 32. f3 b3 33. Kg3 b2 34. Nf5 Nxf5+ 35. Kf4 b1=Q 36. g3 Qd3 37. g4 Qxf3# 0-1

[Event "CYCC U08"]
[Site "Vancouver CAN"]
[Date "2012.07.04"]
[Round "3"]
[White "Doknjas, Neil"]
[Black "Zhou, Aiden"]
[Result "1-0"]
[WhiteElo "1090"]
[BlackElo "768"]
[PlyCount "85"]
[GameId "2160767909508384"]
[EventDate "2012.07.03"]
[EventType "swiss"]
[EventRounds "7"]
[EventCountry "CAN"]
[SourceTitle "EXT 2022"]
[Source "ChessBase"]
[SourceDate "2021.10.06"]
[SourceVersion "1"]
[SourceVersionDate "2021.10.06"]
[SourceQuality "1"]

1. e4 c5 2. Nf3 e6 3. d4 cxd4 4. Nxd4 Nf6 5. Nc3 Nc6 6. Nxc6 bxc6 7. Bd3 Bc5 8. O-O O-O 9. Kh1 d5 10. f4 dxe4 11. Nxe4 Nxe4 12. Bxe4 Qb6 13. Rf3 Rd8 14. Qe2 Ba6 15. Bd3 Bxd3 16. cxd3 Rd7 17. Be3 Bxe3 18. Rxe3 Rad8 19. f5 Re7 20. fxe6 Kh8 21. Re1 Qxe3 22. Qxe3 Rxe6 23. Qf2 Rde8 24. Rxe6 Rxe6 25. h3 f6 26. Qxa7 h6 27. b4 Kh7 28. a4 Re1+ 29. Kh2 Ra1 30. a5 Ra4 31. Qb7 c5 32. bxc5 Rxa5 33. c6 Rc5 34. c7 Rxc7 35. Qxc7 Kg6 36. g4 h5 37. gxh5+ Kxh5 38. Qxg7 Kh4 39. Kg2 Kh5 40. Kf3 f5 41. Kf4 Kh4 42. Qg5+ Kxh3 43. Qg3# 1-0